000 01092nam a22002177a 4500
003 OSt
005 20260122193901.0
008 230226b ||||| |||| 00| 0 eng d
040 _cOst
041 _ashan
082 _a294.34435
100 _aၸႃႇၵရ (ၸဝ်ႈၶိူဝ်းတႆး)
_920661
245 _aလၢႆးၵၢၼ်ၽႃႇဝၼႃႇမဵတ်ႉတႃႇ
_cၸႃႇၵရ (ၸဝ်ႈၶိူဝ်းတႆး)
260 _a[ဝဵင်း]
_b[တီႈ]
_c[ပီ]
300 _a86 ၼႃႈ
_bလွၵ်းဢၢင်း
_c19 ၸိၼ်ႇထီႇ
500 _aS-SAT: Dr. Prof Sai Aung Tun
500 _aပပ်ႉၸဝ်ႈတႃႇၼႁင်းၶေႃ ၶွင်တွၵ်ႉတိူဝ်ႇၸၢႆးဢွင်ႇထုၼ်း၊ ပပ်ႉၼႆႉဢဝ်လိၵ်ႈမၢၼ်ႈလိၵ်ႈတႆးတႅမ်ႈၸွမ်းၵၼ်
650 _aၵၢၼ်ၼင်ႈတြႃး၊ ဝိပသ်သၼႃႇ၊ ၵမ်ႇမထၢၼ်း
_920662
942 _cBK1
942 _2ddc
999 _c22484
_d22484